Really tough Broadway musicals by song - Statistics

General Stats
  • This quiz has been taken 445 times
  • The average score is 4 of 15
Answer Stats
Hint Answer % Correct
Agony Into the Woods
89%
Everyone's a little bit racist Avenue Q
79%
Finishing the hat Sunday in the park with George
40%
Bui-Doi Miss Saigon
39%
My new philosophy You're a good man, Charlie Brown
35%
Unworthy of your love Assassins
22%
Don't be the bunny Urinetown
21%
I am Aldolpho The Drowsy Chaperone
20%
Tell me on a Sunday Song and Dance
15%
Meadowlark The baker's wife
14%
My unfortunate erection 25th annual Putnam county spelling bee
12%
It's hard to speak my heart Parade
8%
Big ass rock The Full Monty
7%
Stranger in this world Taboo
3%
La vida eterna The alter boyz
1%
No matching quizzes found
Score Distribution
Percent of People with Each Score
Percentile by Number Answered
Your Score History
You have not taken this quiz